000 00661nam a2200193Ii 4500
003 JO-AjNU
008 230605s9999||||xx |||||||||||||| ||und||
040 _aJO-AjNU
_bara
_erda
_cJO-AjNU
041 _aara
050 1 4 _aKMC118.M344.1985
100 3 _a هندي ، إحسان ,
_eauthor
_921500
245 0 0 _aقوانين المطبوعات والنشر في دول الخليج العربية
250 _aط1
264 3 1 _aالعين : مكتبة الأمارات للخدمات الثقافية والفنية ، 1985
300 _a345ص
336 _atext
_btxt
_2rdacontent
337 _aunmediated
_bn
_2rdamedia
338 _avolume
_bnc
_2rdacarrier
999 _aA7477
_c11045
_d11045